000 nam a22 a 4500
999 _c135455
_d135455
003 BLK
005 20201013132909.0
008 180409b bul|||||r ||||||| ||bul||
010 _aKNG00141381000
040 _aBLK
041 _aBUL
_cBUL
072 7 _2bullib
_aЦ
_xРедки и ценни
080 _aПраво
_b34
_x(497.2)
_z34(497.2)
080 _aДържавно право. Конституционно право. Административно право. Вж и 321 ; 35
_b342
_x(497.2)
_z342(497.2)
080 _aНрави и обичаи в частния живот. Обреди при раждане, кръщене, пълнолетие, жертвопринасяне, сватба, семеен живот, брак, любов, дружба, гостоприемство, осиновяване и др.
_b392
_x(497.2)
_z392(497.2)
139 _aБобчев, Стефан Савов
_bБ 53
245 1 0 _aСборник на българските юридически обичаи
_bЧ. 1 - 2
_cсъбр. и наредил Стефан Савов Бобчев.
_nЧ. 2
_pДържавно право
257 _aBGR
260 _c1896 - 1908
_fПловдив : печ. Единство
_fЗа том: София : печ. П. М. Бъзайтов
_aСофия
300 _c23 см
380 _a3
490 _9435080
_aКолекция Редки и ценни издания
500 _aПодв. към Т.1. Ч.1. със сигн. Рб 896 и инв. № 12848-І-1.
650 4 _aДържавно право - България
_9281209
650 4 _aОбщинско управление
_9270790
650 4 _aНаселение - България - етнически проблеми
_9245959
650 4 _aНародни обичаи и обреди - България
_9265720
651 4 _aБългария
_9241624
653 _aдържавно право
653 _aобщинско управление
653 _aнаселение
653 _aнародни обичаи
659 _aЦ
700 1 _aБобчев, Стефан Савов
_eсъбр. и наредил
_9366175
760 1 _dСофия, 1908
_h300 с.
_nСъдържа и Допълнения. - Подв. към Сборник на българските юридически обичаи. Ч. 1 със същата сигн. и инв. № 12848-І-1.
_tЧ. 2 Държавно право
852 _aРб 896
_bРц
856 4 _qpdf
856 4 _qpdf
942 _cKNG
_n0
_s1
944 _aCR
_c27.03.2013
_lф / 27.03.2013
_kЛюдмила_Стоянова
944 _aED
_c18.10.2013
_lф / 27.03.2013
999 _d135455